000 00368nam a2200157Ia 4500
003 OSt
005 20240213105221.0
008 170524s9999 xx 000 0 und d
020 _a978-8120344303
040 _ciimt university meerut
100 _aPRASAD KESHO
100 _c2012
245 0 _aSTRATEGIC HUMAN RESOURCE DEVELOPMENT
260 _aPHI
942 _2ddc
_c02
999 _c2839
_d2839